10 Countries Directly Before Belgium Alphabetically - Statistics

General Stats
  • This quiz has been taken 82 times
  • The average score is 6 of 10
Answer Stats
Answer % Correct
Bahamas
73%
Armenia
70%
Australia
67%
Austria
67%
Azerbaijan
67%
Belarus
66%
Bahrain
59%
Barbados
58%
Argentina
55%
Bangladesh
53%
No matching quizzes found
Score Distribution
Percent of People with Each Score
Percentile by Number Answered
Your Score History
You have not taken this quiz